000 00960cam a2200301 a 4500
999 _c1714
_d1714
001 772126
003 OSt
005 20230120140912.0
008 180725s2007 enka b 000 j eng d
020 _a9780746091326
_q(pbk.) :
040 _aTWTCL
_beng
_cTWTCL
_eaacr
_dKH8
041 0 _aeng
042 _anbic
082 0 _a823.92 SIM
100 1 _aSims, Lesley.
_eauthor
245 1 4 _aThe dragon and the phoenix :
_ba folktale from China /
_cretold by Lesley Sims ; illustrated by Graham Philpot.
246 3 0 _aFolktale from China.
260 _aLondon :
_bUsborne,
_c2007.
300 _a32 p. :
_bcol. ill. ;
_c20 cm.
490 1 _aUsborne first reading ;
_vLevel two.
490 1 _aMy first reading library.
650 0 _aFolktales, China
_vJuvenile fiction.
650 0 _aDragons
_xJuvenile fiction.
700 1 _aPhilpot, Graham.
_eillustrator
830 0 _aUsborne first reading.
830 0 _aMy first reading library.
942 _2ddc
_cNFIC